| 000 | 00923nam a22002417a 4500 | ||
|---|---|---|---|
| 005 | 20180620161950.0 | ||
| 010 | _aENG-123263 B-681799-812 | ||
| 020 |
_a9789386050670 _c399.00 |
||
| 035 | _aB-689621 | ||
| 035 | _aEN-106795 | ||
| 035 | _aB-681799-812 | ||
| 037 |
_bPragati _adpl |
||
| 037 | _bDBAD/PUB | ||
| 037 |
_bAakar _adpl |
||
| 100 | _aLiddle, Swapna | ||
| 245 |
_aChandni Chowk: _cby Swapna Liddle _bthe mughal city of old Delhi / |
||
| 260 |
_aNew Delhi _bSpeaking Tiger _c2016 |
||
| 270 |
_a4381/4, Ansari Road, Daryaganj, _bNew Delhi _e110002 |
||
| 300 |
_axii,256p. _c20cm(Hb) |
||
| 942 |
_2ddc _cEN _h954.56 _mLID |
||
| 999 |
_c145657 _d145657 |
||